000 00494nam a2200217Ia 4500
003 OSt
005 20220918192759.0
006 a|||||r|||| 00| 0
007 ta
008 220917b |||||||| |||| 00| 0 eng d
024 _a70,243
037 _cTextual
040 _aARTS
_cARTS
_beng
041 _2eng
_aeng
082 _aR34, K6
100 _aRam Gopal
245 0 _aMan and reason
260 _c1966
942 _hR34, K6
_cTEXL
_2CC
999 _c196342
_d196342